[Event "17th Open A"]
[Site "Zadar CRO"]
[Date "2010.12.15"]
[Round "5.9"]
[White "Lekic,Du"]
[Black "Jovanovic,Zo CRO"]
[Result "0-1"]
[WhiteElo "2378"]
[BlackElo "2527"]

1.d4 Nf6 2.c4 d6 3.Nf3 g6 4.Nc3 Bg7 5.e4 O-O 6.Be2 e5 7.O-O c6 8.d5 Na6 9.Be3 Ng4
10.Bg5 f6 11.Bh4 c5 12.Ne1 h5 13.a3 Nh6 14.f3 Nf7 15.Nd3 Bh6 16.Bf2 f5 17.b4 b6
18.Kh1 f4 19.bxc5 Nxc5 20.a4 a5 21.Rb1 g5 22.Nxc5 bxc5 23.Rb3 Kh7 24.Rg1 Nh8
25.g4 fxg3 26.hxg3 Ra7 27.Kg2 Raf7 28.Rh1 h4 29.Be1 hxg3 30.Bxg3 Ng6 31.Qe1 Rg8
32.Nd1 Nf4+ 33.Kf1 Bh3+ 34.Kf2 g4 35.Bf1 Bxf1 36.Kxf1 Qg5 37.Nf2 Nh5 38.Bh4 Qf4  0-1

[Event "7th UTD GM"]
[Site "Richardson USA"]
[Date "2010.12.16"]
[Round "1"]
[White "Bercys,S"]
[Black "Hughes,T"]
[Result "1-0"]
[WhiteElo "2447"]
[BlackElo "2267"]

1.d4 Nf6 2.c4 g6 3.Nc3 Bg7 4.e4 d6 5.Nf3 O-O 6.Be2 Nbd7 7.O-O e5 8.Be3 Re8
9.d5 Nh5 10.g3 Bf8 11.Ne1 Ng7 12.Nd3 f5 13.f3 Be7 14.Qd2 Nf6 15.c5 fxe4 16.fxe4 Bh3
17.Rf2 Ng4 18.Bxg4 Bxg4 19.Rc1 a6 20.a4 h5 21.a5 h4 22.c6 bxc6 23.dxc6 Nh5
24.gxh4 Bxh4 25.Rg2 Bh3 26.Bg5 Bxg5 27.Rxg5 Kh7 28.Kh1 Rf8 29.Rcg1 Qf6 30.Qe3 Qf3+
31.Qxf3 Rxf3 32.Nb4 Nf4 33.R5g3 Rxg3 34.hxg3 Ne6 35.g4 Ng5 36.Ncd5 Rf8 37.Nxc7 Rf2
38.Nd3 Rc2 39.Rc1 Rd2 40.Ne1 Nxe4 41.Rc2 Rd1 42.Kh2 Bxg4 43.Ng2 Nd2 44.Ne3 Nf3+
45.Kg3 Rd3 46.Kxg4 Rxe3 47.Nd5 Rd3 48.c7  1-0

[Event "Stanitsa Winter 2010"]
[Site "Stanitsa-Luganskaya UKR"]
[Date "2010.12.16"]
[Round "1"]
[White "Blednov,S"]
[Black "Pilavov,G"]
[Result "1/2-1/2"]
[WhiteElo "2360"]
[BlackElo "2621"]

1.d4 Nf6 2.Nf3 g6 3.c4 Bg7 4.Nc3 O-O 5.e4 d6 6.Be2 e5 7.O-O exd4 8.Nxd4 Re8
9.f3 Nc6 10.Be3 Nh5 11.Qd2 Nxd4 12.Bxd4 Nf4 13.Bxg7 Qg5 14.Kf2 Kxg7 15.Qd4+ Kg8
16.g3 Nxe2 17.Nxe2 Be6 18.Nf4  1/2-1/2

[Event "29th European Blitz"]
[Site "Warsaw POL"]
[Date "2010.12.17"]
[Round "3"]
[White "Bagrationi,A"]
[Black "Korobov,A"]
[Result "0-1"]
[WhiteElo "2460"]
[BlackElo "2684"]

1.d4 Nf6 2.c4 g6 3.Nc3 Bg7 4.e4 d6 5.Nf3 O-O 6.Be2 e5 7.dxe5 dxe5 8.Qxd8 Rxd8
9.Bg5 Nbd7 10.Nd5 c6 11.Ne7+ Kf8 12.Nxc8 Raxc8 13.O-O-O h6 14.Bxf6 Bxf6 15.Nd2 Nc5
16.f3 Bg5 17.Kc2 Bxd2 18.Rxd2 Rxd2+ 19.Kxd2 Ne6 20.Kc2 Rd8 21.Bd1 Ke7 22.Kc3 Nf4
23.g3 Ne6 24.Rf1 g5 25.b4 c5 26.a3 b6 27.Ba4 Nd4 28.Bd1 f6 29.Ba4 h5 30.h3 Ne2+  0-1

[Event "29th European Blitz"]
[Site "Warsaw POL"]
[Date "2010.12.17"]
[Round "4"]
[White "Halkias,S"]
[Black "Shimanov,A"]
[Result "0-1"]
[WhiteElo "2578"]
[BlackElo "2516"]

1.c4 g6 2.Nc3 Bg7 3.Nf3 Nf6 4.e4 d6 5.d4 O-O 6.Be2 e5 7.Be3 Ng4 8.Bg5 f6
9.Bh4 g5 10.Bg3 Nh6 11.h3 Nc6 12.d5 Ne7 13.Bh2 g4 14.hxg4 Nxg4 15.Bg3 Nh6
16.Qd2 Nf7 17.Bd3 c6 18.O-O-O cxd5 19.cxd5 h6 20.Kb1 Ng5 21.Nh4 f5 22.f4 Nxe4
23.Bxe4 fxe4 24.fxe5 Nf5 25.Nxe4 Nxg3 26.Nxg3 Bg4 27.Rde1 dxe5 28.Ng6 Re8
29.Rxh6 Qf6 30.d6 Bxh6 31.Qxh6 Re6 32.Rh1 Qxg6+  0-1

[Event "European Rapid Championship"]
[Site "Warsaw POL"]
[Date "2010.12.18"]
[Round "4"]
[White "Halkias,S"]
[Black "Kovalev,Vl"]
[Result "1-0"]
[WhiteElo "2578"]
[BlackElo "2355"]

1.d4 Nf6 2.Nf3 g6 3.c4 Bg7 4.Nc3 d6 5.e4 O-O 6.Be2 e5 7.Be3 Na6 8.O-O h6
9.dxe5 Ng4 10.Qc1 Nxe3 11.Qxe3 dxe5 12.c5 b6 13.Rfd1 Qe8 14.Bb5 c6 15.Bxa6 Bxa6
16.cxb6 axb6 17.Qxb6 Qe6 18.Qc5 Rfd8 19.Rxd8+ Rxd8 20.Qa5 Qc8 21.h3 f6 22.Rc1 Rd6
23.Qa4 Bf8 24.Nd5 Qb7 25.Nb4 Bb5 26.Qb3+ Kg7 27.Nh4 Rd4 28.Nxc6 Rxe4 29.Nd8 Qd7
30.Rc7 Rxh4 31.Qf7+  1-0

[Event "European Rapid Championship"]
[Site "Warsaw POL"]
[Date "2010.12.18"]
[Round "5"]
[White "Stern,R"]
[Black "Daulyte,D"]
[Result "1-0"]
[WhiteElo "2504"]
[BlackElo "2283"]

1.d4 Nf6 2.c4 g6 3.Nc3 Bg7 4.e4 d6 5.Nf3 O-O 6.Be2 e5 7.O-O Na6 8.Be3 Ng4
9.Bg5 Qe8 10.dxe5 dxe5 11.h3 f6 12.Bd2 Nh6 13.Be3 c6 14.a3 Nf7 15.b4 Nc7
16.Bc5 Ne6 17.Bxf8 Qxf8 18.c5 Nf4 19.Bc4 Qe8 20.Ne2 Be6 21.Bxe6 Nxe6 22.Qb3 f5
23.exf5 gxf5 24.Rad1 Kh8 25.Ng3 Nh6 26.Rd6 Nf4 27.Ng5 Nd5 28.Ne6 f4 29.Ne4 Nf5
30.Nxg7 Kxg7 31.Rxd5 cxd5 32.Qxd5 Rb8 33.Nd6 Nxd6 34.cxd6 Kf6 35.d7 Qe7 36.Rd1 Rd8
37.Qxb7 e4 38.Qxa7 e3 39.Qd4+ Kg5 40.fxe3 fxe3 41.Qc5+ Qxc5 42.bxc5 e2 43.Rd5+ Kf6
44.Kf2 Ke6 45.Rd6+  1-0

[Event "48th ch-IND"]
[Site "New Delhi IND"]
[Date "2010.12.19"]
[Round "10"]
[White "Thakur,Ak"]
[Black "Shashikant,K"]
[Result "1/2-1/2"]
[WhiteElo "2358"]
[BlackElo "2303"]

1.Nf3 Nf6 2.d4 g6 3.c4 Bg7 4.Nc3 d6 5.e4 O-O 6.Be2 e5 7.Be3 Na6 8.O-O Ng4
9.Bg5 Qe8 10.dxe5 dxe5 11.h3 h6 12.Bd2 Nf6 13.Be3 Qe7 14.a3 c6 15.b4 Nh5
16.Qc1 Kh7 17.Rd1 Nf4 18.Bf1 Re8 19.Kh2 Nc7 20.g3 Nh5 21.Qd2 Ne6 22.Na4 Nf6
23.Qc2 Nd7 24.Rd2 b6 25.Rad1 c5  1/2-1/2

[Event "European Rapid Championship"]
[Site "Warsaw POL"]
[Date "2010.12.19"]
[Round "10"]
[White "Nyzhnyk,I"]
[Black "Mikrut,D"]
[Result "1-0"]
[WhiteElo "2535"]
[BlackElo "2372"]

1.d4 Nf6 2.c4 g6 3.Nc3 Bg7 4.e4 d6 5.Nf3 O-O 6.Be2 Nbd7 7.O-O e5 8.Re1 c6
9.Bf1 exd4 10.Nxd4 Re8 11.Rb1 a5 12.b3 Nc5 13.f3 Nh5 14.Be3 f5 15.exf5 gxf5
16.Qd2 Bd7 17.Rbd1 Qf6 18.Nde2 Rxe3 19.Qxe3 Re8 20.Qd2 Re6 21.f4 Bh6 22.g3 Qg7
23.Bg2 Rg6 24.Bf3 Nf6 25.Qxd6 Nfe4 26.Qb8+ Qf8 27.Qxf8+ Bxf8 28.Nxe4  1-0

[Event "European Rapid Championship"]
[Site "Warsaw POL"]
[Date "2010.12.19"]
[Round "10"]
[White "Levin,Ev"]
[Black "Mickiewicz,P"]
[Result "1-0"]
[WhiteElo "2483"]
[BlackElo "2344"]

1.d4 Nf6 2.c4 g6 3.Nc3 Bg7 4.e4 d6 5.Nf3 O-O 6.Be2 Nbd7 7.O-O e5 8.Qc2 c6
9.Rd1 exd4 10.Nxd4 Re8 11.Bg5 a5 12.f3 a4 13.Rab1 Qa5 14.Bf4 Ne5 15.Qd2 Nfd7
16.b4 axb3 17.axb3 Qb4 18.Kh1 Bf8 19.Be3 f6 20.Nc2  1-0

[Event "European Rapid Championship"]
[Site "Warsaw POL"]
[Date "2010.12.19"]
[Round "12"]
[White "Solys,L"]
[Black "Bernasek,J"]
[Result "1-0"]
[WhiteElo "2323"]
[BlackElo "2490"]

1.d4 Nf6 2.c4 g6 3.Nc3 Bg7 4.e4 d6 5.Nf3 O-O 6.Be2 e5 7.Be3 Ng4 8.Bg5 f6
9.Bh4 Qe8 10.d5 h5 11.Nd2 c5 12.h3 Nh6 13.f3 f5 14.Qc2 a6 15.a3 Bf6 16.Bf2 a5
17.g4 fxg4 18.hxg4 Bg5 19.gxh5 Bf4 20.hxg6 Rf6 21.O-O-O Rxg6 22.Rdg1 Rxg1+
23.Rxg1+ Kf8 24.Kb1 Na6 25.Nf1 Bh3 26.Ne3 Rd8 27.Ng4 Bxg4 28.fxg4 Qg6 29.Bh4 Ra8
30.Qb3 Rb8 31.g5 Nf7 32.Qd1 Nc7 33.Bh5 Qg7 34.g6 Nh6 35.a4 Kg8 36.Bg4 Nxg4
37.Qxg4 Re8 38.Be1 Qf6 39.Rh1 Bg5 40.Rh5 Qf1 41.Qd1 Bd8 42.Rf5 Qh1 43.Rh5 Qg1
44.Rh6 Bg5 45.Rh7 Re7 46.Qh5 Qxe1+ 47.Ka2 Kf8 48.Rh8+ Kg7 49.Qh7+  1-0

[Event "European Rapid Championship"]
[Site "Warsaw POL"]
[Date "2010.12.19"]
[Round "13"]
[White "Halkias,S"]
[Black "Kashtanov,R"]
[Result "1-0"]
[WhiteElo "2578"]
[BlackElo "2351"]

1.d4 Nf6 2.Nf3 g6 3.c4 Bg7 4.Nc3 O-O 5.e4 d6 6.Be2 e5 7.Be3 Nbd7 8.O-O c6
9.d5 c5 10.Nd2 Kh8 11.Kh1 Ng8 12.g4 Bh6 13.Bxh6 Nxh6 14.Rg1 a6 15.Nf3 Ng8
16.Qd2 Qf6 17.g5 Qe7 18.Rg3 f5 19.exf5 Rxf5 20.Qe3 Rf4 21.Bd3 Qf8 22.Ne2 Ne7
23.Rf1 b5 24.b3 bxc4 25.bxc4 Rb8 26.Rh3 Rd4 27.Rh6 Nf5  1-0

[Event "Amitan Memorial"]
[Site "Donetsk UKR"]
[Date "2010.12.22"]
[Round "3"]
[White "Goganov,A"]
[Black "Kutsyj,A"]
[Result "1/2-1/2"]
[WhiteElo "2478"]
[BlackElo "2305"]

1.d4 Nf6 2.Nf3 g6 3.c4 Bg7 4.Nc3 O-O 5.e4 d6 6.Be2 e5 7.O-O Na6 8.Be3 Ng4
9.Bg5 Qe8 10.c5 exd4 11.Nd5 Nxc5 12.Nxc7 Qxe4 13.Re1 Rb8 14.Bc4 Qf5 15.Be7 Ne4
16.Bxf8 Ngxf2 17.Qc2 Bxf8 18.Bd3 Nxd3 19.Qxd3 Nf6 20.Qxd4 Qc5 21.Ne8 Nh5
22.Rad1 Be6 23.Qxc5 dxc5 24.Nc7 Bxa2 25.Re8 Rxe8 26.Nxe8 Be7 27.Ra1 Bd5 28.Rxa7 f6
29.Ra8 Kf7 30.Nc7 Bc6 31.Nd2 Bd6 32.Rc8 Bd7 33.Rb8 Bc6 34.Rc8 Ke7 35.Nc4 Nf4
36.Nxd6 Kxd6 37.Na8 Nxg2 38.Rd8+ Ke6 39.Nb6 Nf4 40.Nc4 h5 41.Kf2 g5 42.Rd6+ Ke7
43.Rd1 b5 44.Nd6 Ke6 45.Nc8 Be4 46.Ke3 f5 47.Rd8 Nd5+ 48.Kd2 h4 49.Na7 b4
50.Rc8 g4 51.Rxc5 g3 52.hxg3 hxg3 53.Rc6+ Ke5 54.Rg6 f4 55.Nc6+ Kf5 56.Rg7 Ne3
57.Nd4+ Kf6 58.Rg8 Bg6 59.Ne2 Nd5 60.Ke1 Bf7 61.Rg4 Be6 62.Nxf4 Kf5 63.Rxg3 Kxf4
64.Rg6 Bf5 65.Rd6 Be4 66.Kd2 Ke5 67.Rd8 Kd4 68.Rc8 Nb6 69.Rb8 Nc4+ 70.Kc1 Kc5
71.Re8 Bc6 72.Rh8 Na5 73.Rh4 Nb3+ 74.Kc2 Nd4+ 75.Kb1 Ba4 76.Ka2 Kc4 77.Kb1 Bc2+
78.Ka2 Bf5 79.Rf4 Be6 80.Rh4 Kd3+ 81.Kb1 Bd5 82.Rh3+ Kd2 83.Rh2+ Ne2 84.Rh4 b3
85.Rh2 Be4+ 86.Ka1 Bd3 87.Rxe2+  1/2-1/2

[Event "48th ch-IND"]
[Site "New Delhi IND"]
[Date "2010.12.22"]
[Round "13"]
[White "Rajesh,VA"]
[Black "Vishnu,P"]
[Result "1/2-1/2"]
[WhiteElo "2295"]
[BlackElo "2406"]

1.d4 Nf6 2.c4 g6 3.Nc3 Bg7 4.e4 d6 5.Nf3 O-O 6.Be2 e5 7.O-O Nbd7 8.Bg5 h6
9.Bh4 c6 10.Qc2 g5 11.dxe5 dxe5 12.Bg3 Nh5 13.Nd1 Nf4 14.Ne3 Nc5 15.Rfd1 Qf6
16.Bf1 h5 17.h4 g4 18.Nd2 Nce6 19.Nf5 Nd4 20.Nxd4 exd4 21.Nb3 Rd8 22.Nc5 Ng6
23.Bc7 Re8 24.Bg3 Rd8 25.Bc7 Re8 26.Bg3 Rd8  1/2-1/2

[Event "North American Open"]
[Site "Las Vegas USA"]
[Date "2010.12.27"]
[Round "3"]
[White "Kacheishvili,G"]
[Black "Liu,E"]
[Result "1-0"]
[WhiteElo "2575"]
[BlackElo "2284"]

1.c4 g6 2.d4 Bg7 3.e4 d6 4.Nc3 Nf6 5.Be2 O-O 6.Nf3 e5 7.O-O Na6 8.Be3 Ng4
9.Bg5 Qe8 10.dxe5 dxe5 11.h3 f6 12.Bd2 Nh6 13.a3 c6 14.Qc2 Nc7 15.Rad1 g5
16.Be3 Qg6 17.Nh2 Ne6 18.c5 Nf4 19.Bf3 Nf7 20.Bg4 Bxg4 21.hxg4 h5 22.f3 Nh6
23.gxh5 Nxh5 24.g4 Nf4 25.Rd7 Rf7 26.Rfd1 Bf8 27.Qb3 Rb8 28.Nf1 Kh8 29.Ng3 Qg8
30.Rxf7 Qxf7 31.Qxf7 Nxf7 32.Rd7 Kg8 33.Na4 Rd8 34.Rxb7 Rd1+ 35.Kf2 a5 36.Rc7 Nd8
37.Nc3 Rd3 38.Nh5 Nxh5 39.gxh5  1-0

[Event "19th Donau Open"]
[Site "Aschach AUT"]
[Date "2010.12.28"]
[Round "4"]
[White "Sakelsek,T"]
[Black "Turner,R"]
[Result "1-0"]
[WhiteElo "2401"]
[BlackElo "2167"]

1.Nf3 Nf6 2.c4 g6 3.d4 Bg7 4.Nc3 O-O 5.e4 d6 6.Be2 e5 7.d5 Na6 8.Bg5 h6 9.Bh4 g5
10.Bg3 Nh5 11.Nd2 Nf4 12.O-O Nc5 13.b4 Nxe2+ 14.Qxe2 Nxe4 15.Ndxe4 f5 16.f3 fxe4
17.Nxe4 a5 18.a3 axb4 19.axb4 Rxa1 20.Rxa1 Bf5 21.Bf2 Rf7 22.Ra7 Bxe4 23.fxe4 b6
24.c5 bxc5 25.bxc5 dxc5 26.Bxc5 Bf8 27.Be3 Qb8 28.Qc2 Qb4 29.Ra1 Bd6 30.h3 Kg7
31.Kh2 Qb5 32.Rb1 Qa6 33.Qd1 Qc4 34.Qg4 Qd3 35.Re1 Be7 36.Qg3 Kg6 37.Bg1 Qxg3+
38.Kxg3 h5 39.Be3 Bd6 40.Ra1 Rf8 41.Ra6 Rf7 42.Ra8 Rf8 43.Rxf8 Bxf8 44.Kf3 Be7
45.g4 h4 46.Ke2 Kf7 47.Kd3 Ke8 48.Kc4 Kd7 49.Bc5 Bf6 50.Kb5 Bg7 51.Bb4 Bh6
52.Bd2 Kd6 53.Bc1 Kd7 54.Ka6 c6 55.dxc6+ Kxc6 56.Be3 Kd6 57.Kb6 Ke6 58.Kc6 Kf6
59.Kd5 Bf8 60.Bc5  1-0

[Event "27th Christmas Open"]
[Site "Geneva SUI"]
[Date "2010.12.28"]
[Round "4"]
[White "Huss,A"]
[Black "Fabre,M"]
[Result "1-0"]
[WhiteElo "2297"]
[BlackElo "2093"]

1.d4 Nf6 2.c4 g6 3.Nf3 Bg7 4.Nc3 O-O 5.e4 d6 6.Be2 e5 7.d5 a5 8.Bg5 Na6 9.Nd2 Qe8
10.a3 Bd7 11.b3 h6 12.Be3 Nh7 13.O-O f5 14.f3 Nf6 15.Rb1 b6 16.b4 axb4 17.axb4 f4
18.Bf2 Rf7 19.Qb3 Bf8 20.Ra1 Bc8 21.Ra4 c5 22.dxc6 Be6 23.Nd5 Qxc6 24.Rxa6 Rxa6
25.b5  1-0

[Event "Hastings Masters 2010-11"]
[Site "Hastings ENG"]
[Date "2010.12.28"]
[Round "1.29"]
[White "Jelsen,Y"]
[Black "Green,An"]
[Result "1/2-1/2"]
[WhiteElo "1967"]
[BlackElo "2141"]

1.d4 Nf6 2.c4 g6 3.Nc3 Bg7 4.e4 d6 5.Nf3 O-O 6.Be2 Nbd7 7.O-O e5 8.Be3 Re8
9.Nd2 Ng4 10.d5 Nxe3 11.fxe3 Bh6 12.Rf3 a5 13.a3 Nc5 14.b4 axb4 15.axb4 Rxa1
16.Qxa1 Na6 17.Qa3 Qh4 18.Rg3 Kh8 19.Nb5 f5 20.exf5 gxf5 21.Nf1 Bd7 22.c5 Bf8
23.c6 Bc8 24.cxb7 Bxb7 25.Nxd6 Bxd6 26.Bxa6 Ra8 27.Qa4 Bxd5 28.Qd7 Qe7 29.Qxf5 Be6
30.Qd3 Bxb4 31.Qe4 Rf8 32.Qxe5+ Qf6 33.Qxf6+ Rxf6 34.Rf3 Rg6 35.Bd3 Rg5 36.Rf6 Bd5
37.g3 Kg7 38.Rf5 Rxf5 39.Bxf5  1/2-1/2

[Event "North American Open"]
[Site "Las Vegas USA"]
[Date "2010.12.28"]
[Round "4"]
[White "Gurczak,J"]
[Black "Fajardo,D2"]
[Result "1-0"]
[WhiteElo "2120"]
[BlackElo "1721"]

1.d4 Nf6 2.c4 g6 3.Nc3 Bg7 4.e4 d6 5.Nf3 O-O 6.Be2 Nbd7 7.O-O e5 8.Be3 h6
9.d5 Ng4 10.Bd2 f5 11.Ne1 Ngf6 12.f3 f4 13.b4 g5 14.Nd3 h5 15.c5 Rf7 16.Rc1 Nf8
17.Nf2 Bh6 18.Rc2 Rg7 19.h3 Ne8 20.Qc1 dxc5 21.bxc5 Rh7 22.Rd1 Bg7 23.Be1 Qf6
24.Nb5 a6 25.Na3 Qh6 26.Nc4 g4 27.fxg4 Bf6 28.gxh5 Qg5 29.d6 Ng7 30.dxc7 Nxh5
31.Ng4 Rxc7 32.Nb6 Rb8 33.Nd5 Rg7 34.c6 bxc6 35.Rxc6 Be6 36.Qc5 Rb2 37.Ndxf6+ Nxf6
38.Rxe6 Nxe6 39.Bc4  1-0

[Event "Rilton Cup 2010-11"]
[Site "Stockholm SWE"]
[Date "2010.12.28"]
[Round "2"]
[White "Kopasov,A"]
[Black "Grandelius,N"]
[Result "0-1"]
[WhiteElo "2198"]
[BlackElo "2525"]

1.d4 Nf6 2.c4 g6 3.Nc3 Bg7 4.Nf3 O-O 5.e4 d6 6.Be2 Nbd7 7.O-O e5 8.Re1 exd4
9.Nxd4 Re8 10.f3 c6 11.Bf1 Ne5 12.Be3 a6 13.a4 d5 14.exd5 cxd5 15.cxd5 Nxd5
16.Nxd5 Qxd5 17.Bf2 Bd7 18.Nb3 Be6 19.Nc5 Rad8 20.f4 Qc6 21.Qc1 Ng4 22.Nxe6 Rxe6
23.Qxc6 Rxc6 24.Re2 Nxf2 25.Kxf2 Rb6 26.a5 Rb4 27.g3 Bxb2 28.Rae1 Kg7 29.Bg2 Bc3
30.Rc1 Rb3 31.Re7 Rd2+ 32.Kf1 Rbb2 33.Rxc3 Rf2+ 34.Ke1 Rxg2 35.Kf1 Rxh2 36.Kg1 Rbg2+
37.Kf1 Ra2 38.Kg1 Rhb2 39.Rc1 Rxa5 40.Rd1 Ra3  0-1

[Event "North American Open"]
[Site "Las Vegas USA"]
[Date "2010.12.29"]
[Round "7"]
[White "Adelberg,D"]
[Black "Abrahamyan,T"]
[Result "1/2-1/2"]
[WhiteElo "2191"]
[BlackElo "2355"]

1.d4 Nf6 2.c4 g6 3.Nc3 Bg7 4.e4 d6 5.Nf3 O-O 6.Be2 e5 7.O-O Na6 8.Re1 exd4
9.Nxd4 c6 10.Bf1 Ng4 11.h3 Qb6 12.hxg4 Qxd4 13.g5 Nc5 14.Bf4 Re8 15.Qc2 Ne6
16.Rad1 Qc5 17.Be3 Qa5 18.f4 Nc5 19.Bf2 Bxc3 20.bxc3 Rxe4 21.Rxe4 Bf5 22.Bd3 Nxd3
23.Qxd3 d5 24.cxd5 cxd5 25.Rd2 Bxe4 26.Qh3 Qa3 27.Rd1 Qxa2 28.Bd4 Qe2 29.Rf1 a5
30.f5 Qh5 31.fxg6 Qxg6 32.Qg3 Re8 33.Rf6 Qh5 34.Qc7 Bd3 35.Re6 Qd1+  1/2-1/2

[Event "34th Christmas Master Open"]
[Site "Zuerich SUI"]
[Date "2010.12.29"]
[Round "6"]
[White "Kappeler,K"]
[Black "Hamdouchi,A"]
[Result "0-1"]
[WhiteElo "2164"]
[BlackElo "2318"]

1.d4 Nf6 2.c4 g6 3.Nc3 Bg7 4.e4 d6 5.Nf3 O-O 6.Be2 Nbd7 7.O-O e5 8.Re1 Re8
9.Bf1 a6 10.Rb1 exd4 11.Nxd4 Nc5 12.f3 c6 13.Be3 Qc7 14.b4 Ne6 15.Nb3 Qe7
16.Qd2 Nh5 17.b5 axb5 18.cxb5 Be5 19.Bf2 Qf6 20.Nd1 c5 21.Ne3 Qf4 22.g3 Qxf3
23.Nd5 Nhg7 24.Bg2 Qh5 25.Be3 g5 26.Rf1 Qg6 27.Rf2 Bd7 28.a4 Rxa4 29.Nb6 Rxe4
30.Bxe4 Qxe4 31.Re1 Bxb5 32.Bxc5 Qc6 33.Be3 Bc3  0-1

[Event "Rilton Cup 2010-11"]
[Site "Stockholm SWE"]
[Date "2010.12.31"]
[Round "5"]
[White "Smith,Ax"]
[Black "Shimanov,A"]
[Result "0-1"]
[WhiteElo "2448"]
[BlackElo "2516"]

1.d4 Nf6 2.c4 g6 3.Nc3 Bg7 4.e4 O-O 5.Nf3 d6 6.Be2 e5 7.O-O exd4 8.Nxd4 Re8
9.f3 c6 10.Kh1 Nbd7 11.Bg5 Qb6 12.Nb3 a5 13.Qd2 a4 14.Be3 Qd8 15.Nd4 Nc5
16.b4 axb3 17.axb3 Rxa1 18.Rxa1 Nh5 19.Bd1 f5 20.b4 Ne6 21.Ra8 Nxd4 22.Bxd4 Bxd4
23.Qxd4 Qh4 24.Qd2 Ng3+ 25.Kg1 Qxh2+ 26.Kxh2 Nf1+ 27.Kg1 Nxd2 28.c5 dxc5
29.bxc5 fxe4 30.fxe4 Kf8 31.Rb8 Nc4 32.Na4 Ne5 33.Bc2 Nd7 34.Ra8 Ke7 35.Kf2 Kd8
36.Nb6 Nxb6 37.cxb6 Kd7 38.Ke3 Kd6 39.Kd4 c5+ 40.Ke3 Bd7 41.Rxe8 Bxe8 42.Kf4 c4
43.e5+ Kc5 44.e6 Kxb6 45.Be4 c3 46.Ke3 Kc7 47.e7 b6 48.Kd4 Kd6 49.Kxc3 Kxe7
50.Kd4 Kd6 51.g3 h5 52.Bd3 g5 53.Bf5 Bd7 54.Bxd7 Kxd7 55.Ke5 h4 56.gxh4 gxh4
57.Kf4 Kc8 58.Kg4 b5 59.Kh3 Kb8 60.Kxh4 b4  0-1

[Event "Berkeley Int Open"]
[Site "Berkeley USA"]
[Date "2011.01.02"]
[Round "1"]
[White "Sipos,I"]
[Black "Hills,K"]
[Result "1-0"]
[WhiteElo "2409"]
[BlackElo "2161"]

1.c4 Nf6 2.Nc3 g6 3.e4 d6 4.d4 Bg7 5.Be2 O-O 6.Be3 e5 7.Nf3 Nc6 8.O-O exd4
9.Nxd4 Re8 10.f3 Bd7 11.Qd2 Nxd4 12.Bxd4 a5 13.Rfd1 Bc6 14.Rac1 Nd7 15.Bf2 Nc5
16.b3 b6 17.Bf1 Qe7 18.Nd5 Bxd5 19.cxd5 Qf8 20.Qc2 Be5 21.a3 Qh6 22.g3 a4
23.b4 Nb3 24.Rb1 Re7 25.Bb5 Qg7 26.Bc6 Nd4 27.Rxd4  1-0

[Event "Hastings Masters 2010-11"]
[Site "Hastings ENG"]
[Date "2011.01.02"]
[Round "6.33"]
[White "Webster,R"]
[Black "White,Mi"]
[Result "0-1"]
[WhiteElo "1986"]
[BlackElo "2247"]

1.d4 Nf6 2.c4 g6 3.Nc3 Bg7 4.e4 d6 5.Nf3 O-O 6.Be2 Nbd7 7.O-O e5 8.Re1 c6
9.Bg5 h6 10.dxe5 hxg5 11.exf6 Qxf6 12.Rc1 g4 13.Nd2 Ne5 14.Nf1 Rd8 15.Qd2 Be6
16.b3 Rd7 17.Nd5 Qh4 18.Nb4 Bh6 19.Ne3 f5 20.exf5 gxf5 21.Qc2 Rf8 22.Nd3 Rh7
23.h3 gxh3 24.Nxe5 Bxe3 25.fxe3 hxg2 26.Nd3 Qh2+  0-1

[Event "Berkeley Int Open"]
[Site "Berkeley USA"]
[Date "2011.01.03"]
[Round "3"]
[White "Lobo,Ri1"]
[Black "Naroditsky,D"]
[Result "0-1"]
[WhiteElo "2262"]
[BlackElo "2419"]

1.c4 g6 2.Nf3 Bg7 3.d4 d6 4.Nc3 Nf6 5.e4 O-O 6.Be2 e5 7.O-O Nbd7 8.Qc2 exd4
9.Nxd4 Re8 10.Rd1 c6 11.Bf4 Nc5 12.f3 Nh5 13.Be3 Qe7 14.b4 Ne6 15.Qd2 Nhf4
16.Bf1 Nxd4 17.Bxd4 Be5 18.Rac1 Ne6 19.Be3 a5 20.a3 axb4 21.axb4 Ra3 22.Ne2 Bd7
23.f4 Bg7 24.Bf2 Nf8 25.Ng3 h5 26.Bd3 h4 27.Nf1 h3 28.g3 Bg4 29.Re1 Ne6 30.Be2 Bxe2
31.Rxe2 c5 32.bxc5 dxc5 33.e5 Rd8 34.Qb2 Rdd3 35.Re3 Qd7 36.Rxd3 Qxd3 37.Qxb7 Ra2  0-1

[Event "Berkeley Int Open"]
[Site "Berkeley USA"]
[Date "2011.01.03"]
[Round "3"]
[White "Zilberstein,Dm"]
[Black "Bojkov,D"]
[Result "1-0"]
[WhiteElo "2386"]
[BlackElo "2544"]

1.d4 Nf6 2.c4 g6 3.Nc3 Bg7 4.e4 d6 5.Nf3 O-O 6.Be2 Na6 7.O-O e5 8.Be3 Ng4
9.Bg5 Qe8 10.h3 h6 11.Bh4 exd4 12.Nxd4 Nf6 13.Bd3 c6 14.Re1 Nh5 15.Nf5 Qe5
16.Be7 gxf5 17.exf5 Qd4 18.Re4 Qb6 19.Bxf8 Kxf8 20.Qxh5 Qxb2 21.Rae1 Bd7
22.Re7 Be8 23.f6 Qxc3 24.fxg7+ Kxg7 25.Qg6+  1-0

[Event "Berkeley Int Open"]
[Site "Berkeley USA"]
[Date "2011.01.03"]
[Round "4"]
[White "Hills,K"]
[Black "Abrahamyan,T"]
[Result "0-1"]
[WhiteElo "2161"]
[BlackElo "2327"]

1.d4 Nf6 2.c4 g6 3.Nc3 Bg7 4.e4 d6 5.Nf3 O-O 6.Be2 e5 7.O-O Na6 8.Bg5 h6
9.Be3 Qe8 10.d5 Ng4 11.Bd2 f5 12.Ne1 Nf6 13.f3 g5 14.Nd3 Qg6 15.Nf2 h5 16.exf5 Bxf5
17.g4 hxg4 18.fxg4 Bd7 19.Bd3 Qh6 20.Nce4 Nxe4 21.Nxe4 Qh3 22.Qe2 Bxg4 23.Qe3 Bf3
24.Qxg5 Nc5 25.Nf2 Qh5 26.Qxh5 Bxh5 27.Bc3 Rxf2 28.Rxf2 Nxd3 29.Rd2 Nf4 30.Re1 Bh6  0-1

[Event "23rd Staufer-Open"]
[Site "Leinzell GER"]
[Date "2011.01.04"]
[Round "5"]
[White "Egle,S"]
[Black "Rukwid,M"]
[Result "0-1"]
[WhiteElo "2198"]
[BlackElo "2029"]

1.d4 Nf6 2.c4 g6 3.Nc3 Bg7 4.e4 d6 5.Nf3 O-O 6.Be2 e5 7.Be3 h6 8.h3 exd4
9.Nxd4 Re8 10.Qc2 Nc6 11.Nxc6 bxc6 12.O-O Qe7 13.Bd3 Nd7 14.Qd2 Ne5 15.Be2 Kh7
16.f4 Nd7 17.Bf3 Ba6 18.b3 d5 19.Bd4 Bxd4+ 20.Qxd4 dxc4 21.e5 cxb3 22.Rfd1 Red8
23.Ne4 Nf8 24.Qa4 b2 25.Rab1 Rxd1+ 26.Qxd1 Rb8 27.Qe1 Bd3 28.Nf6+ Kg7 29.f5 Bxb1  0-1

[Event "Rilton Cup 2010-11"]
[Site "Stockholm SWE"]
[Date "2011.01.04"]
[Round "8"]
[White "Tikkanen,H"]
[Black "Groetz,H"]
[Result "1-0"]
[WhiteElo "2550"]
[BlackElo "2314"]

1.d4 Nf6 2.c4 g6 3.Nc3 Bg7 4.e4 d6 5.Nf3 O-O 6.Be2 e5 7.O-O Na6 8.Be3 Ng4
9.Bg5 f6 10.Bh4 Qe8 11.c5 exd4 12.Nxd4 dxc5 13.Nb3 Ne5 14.Qd5+ Kh8 15.Bxa6 c6
16.Qxc5 bxa6 17.Rad1 Rf7 18.f4 Bf8 19.Qd4 Nd7 20.Na4 Bb7 21.Rfe1 Qe7 22.e5 fxe5
23.Qc4 Qe8 24.fxe5 Rf5 25.Qd4 Nxe5 26.Nac5 Bc8 27.Rxe5  1-0

[Event "23rd Staufer-Open"]
[Site "Leinzell GER"]
[Date "2011.01.05"]
[Round "8"]
[White "Hoffmeister,F GER"]
[Black "Schmidt,Mart3 GER"]
[Result "1/2-1/2"]
[WhiteElo "2182"]
[BlackElo "1895"]

1.d4 Nf6 2.Nf3 g6 3.c4 Bg7 4.Nc3 O-O 5.e4 d6 6.Be2 Na6 7.O-O e5 8.dxe5 dxe5
9.Be3 Qe7 10.Nd2 c6 11.Nb3 Be6 12.f3 Nh5 13.a3 Nf4 14.Kh1 Bh6 15.Bf2 Kh8
16.Qc2 f5 17.Na5 b6 18.c5 Nxc5 19.Nxc6 Qd6 20.Bb5 Nfd3 21.Bxc5 Nxc5 22.b4 Nb3
23.Rad1 Nd4 24.Nxd4 exd4 25.Ne2 Bg7 26.exf5 Bxf5 27.Bd3 Rac8 28.Qb1 Bd7 29.Ng3 Ba4
30.Rc1 a5 31.Ne4 Qe7 32.Rfe1 axb4 33.axb4 Rxc1 34.Rxc1 Bd7 35.Kg1 Bh6 36.Re1 Be3+
37.Kh1 Qg7 38.Qb3 Qh6 39.Qd5 Bf5 40.Ra1 Bxe4 41.Qxe4 Qf4  1/2-1/2

[Event "Berkeley Int Open"]
[Site "Berkeley USA"]
[Date "2011.01.06"]
[Round "8"]
[White "Hills,K"]
[Black "Gurevich,Daniel"]
[Result "1/2-1/2"]
[WhiteElo "2161"]
[BlackElo "2078"]

1.d4 Nf6 2.c4 g6 3.Nc3 Bg7 4.e4 d6 5.Nf3 O-O 6.Be2 Nbd7 7.O-O e5 8.Be3 h6
9.h3 exd4 10.Nxd4 Re8 11.Qc2 Qe7 12.Bd3 Nc5 13.Rac1 c6 14.Rfe1 Nfd7 15.b3 Nxd3
16.Qxd3 Nc5 17.Qd2 a5 18.Rcd1 Kh7 19.f3 Be6 20.Nxe6 Nxe6 21.Ne2 Bf8 22.Nf4 Qc7
23.Nxe6 Rxe6 24.Qf2 Bg7 25.Rd3 Qe7 26.Qd2 g5 27.a4 c5 28.Qc1 Qf6 29.Rf1 Rg8
30.Kh1 Qg6 31.Qd2 b6 32.Bg1 Rge8 33.Bh2 Bd4 34.Bg1 Be5 35.Bh2 Bd4 36.Bg1 Be5
37.Bh2  1/2-1/2

[Event "Berkeley Int Open"]
[Site "Berkeley USA"]
[Date "2011.01.06"]
[Round "8"]
[White "Gaffagan,S"]
[Black "Zepeda,L"]
[Result "1/2-1/2"]
[WhiteElo "1995"]
[BlackElo "2202"]

1.c4 Nf6 2.Nc3 g6 3.e4 d6 4.d4 Bg7 5.Nf3 O-O 6.Be2 e5 7.d5 Nbd7 8.Bg5 h6
9.Bh4 a5 10.Nd2 Nc5 11.O-O g5 12.Bg3 Nh7 13.h3 f5 14.exf5 Bxf5 15.Bg4 Bg6
16.Bh5 Qe8 17.Bxg6 Qxg6 18.Qb1 Qf7 19.Nde4 Nxe4 20.Nxe4 Qd7 21.Qd1 b6 22.b3 Qf5
23.Qe2 Rf7 24.a3 Raf8 25.b4 axb4 26.axb4 h5 27.Ra3 g4 28.Bh4 Bh6 29.Ng3 Qg6
30.Qe4 Qxe4 31.Nxe4 Rf4 32.Re1 Kg7 33.c5 bxc5 34.bxc5 Kg6 35.cxd6 cxd6 36.Ra6 gxh3
37.Bg3 Rxe4 38.Rxd6+ Rf6 39.Rxe4 Rxd6 40.Rxe5 hxg2 41.Rxh5 Kxh5 42.Bxd6 Nf6
43.Kxg2 Nxd5 44.Bb8 Bf4  1/2-1/2

[Event "Australian Open"]
[Site "Cammeray AUS"]
[Date "2011.01.06"]
[Round "5.7"]
[White "Salaberry,G"]
[Black "Rachmadi,H"]
[Result "1-0"]
[WhiteElo "2254"]
[BlackElo "1836"]

1.Nf3 Nf6 2.c4 g6 3.Nc3 Bg7 4.e4 d6 5.d4 O-O 6.Be2 e5 7.dxe5 dxe5 8.Qxd8 Rxd8
9.Bg5 Re8 10.O-O-O c6 11.Nxe5 Nxe4 12.Nxe4 Bxe5 13.Nd6 Bxb2+ 14.Kd2 Re6 15.Nxc8 Ba3
16.Ke1 Kg7 17.Rd8 Na6 18.h4 h6 19.Bd2 Nc5 20.Bc3+ f6 21.Rh3 Na4 22.Bxf6+ Kxf6
23.Rxa3 Nb6 24.Rf3+ Kg7 25.Rdf8 g5 26.h5  1-0